000 00272nam a22001217a 4500
040 _c333
082 _a333 ROB 1994 C090
100 _aROBERT COSTANZA
245 _aGetting down to earth
260 _aPhnom Penh
_bROB
_c1994
300 _a472p.
_bill.
_c29cm.
942 _cEK
999 _c11234
_d11234